LEADER 01637cam0-2200505---450- 001 990000056560203316 005 20060210152641.0 010 $a88-8114-862-5 035 $a0005656 035 $aUSA010005656 035 $a(ALEPH)000005656USA01 035 $a0005656 100 $a20000914d1999----|||y0itay0103----ba 101 0 $aita 102 $ait 105 $aa---||||001|y 200 1 $a<> "Barbiere" di Rossini nella scena di Luzzati$fClaudio Caserta 210 $aNapoli$cEdizioni scientifiche italiane$d1999 215 $a80 p.$cill.$d22 cm 610 $aLuzzati, Emanuele Scenografia 610 $aRossini, Gioacchino Il barbiere di Siviglia Messinscena 676 $a792.025092 700 1$aCASERTA,$bClaudio$039415 801 $aIT$bSALBC$gISBD 912 $a990000056560203316 951 $aXIII.1.B. 377b(VII T 192 A)$b151941 L.M.$cVII T$d00008825 951 $aXIII.1.B. 377a(VII T 192 B)$b151941 L.M.$cVII T 951 $aXIII.1.B. 377(VII T 192)$b151940 L.M.$cVII T$dY 959 $aBK 979 $c20000914$lUSA01$h1725 979 $c20001019$lUSA01$h1055 979 $c20001019$lUSA01$h1452 979 $c20001019$lUSA01$h1500 979 $c20001019$lUSA01$h1537 979 $c20001024$lUSA01$h1513 979 $c20001027$lUSA01$h1518 979 $c20001027$lUSA01$h1522 979 $c20001110$lUSA01$h1709 979 $c20001124$lUSA01$h1207 979 $c20020403$lUSA01$h1613 979 $aPATRY$b90$c20040406$lUSA01$h1605 979 $aCOPAT6$b90$c20060210$lUSA01$h1526 996 $a"Barbiere" di Rossini nella scena di Luzzati$91516373 997 $aUNISA bas $auma LEADER 01741nam 2200529 450 001 996466596803316 005 20220112163952.0 010 $a3-662-15905-8 024 7 $a10.1007/978-3-662-15905-7 035 $a(CKB)3390000000043613 035 $a(DE-He213)978-3-662-15905-7 035 $a(MiAaPQ)EBC5578717 035 $a(MiAaPQ)EBC6594612 035 $a(Au-PeEL)EBL5578717 035 $a(OCoLC)1066184379 035 $a(Au-PeEL)EBL6594612 035 $a(OCoLC)1250083834 035 $a(PPN)238018946 035 $a(EXLCZ)993390000000043613 100 $a20220112d1966 uy 0 101 0 $aeng 135 $aurnn#008mamaa 181 $ctxt$2rdacontent 182 $cc$2rdamedia 183 $acr$2rdacarrier 200 10$aStable Homotopy Theory /$fJ. F. Adams, A. T. Vasquez 205 $a2nd ed. 1966. 210 1$aBerlin ;$aHeidelberg :$cSpringer-Verlag,$d[1966] 210 4$dİ1966 215 $a1 online resource (III, 81 p.) 225 1 $aLecture Notes in Mathematics,$x0075-8434 ;$v3 311 $a3-662-15907-4 327 $aPrimary operations -- Stable Homotopy Theory -- Applications of Homological Algebra to Stable Homotopy Theory -- Theorems of periodicity and approximation in homological algebra -- Comments on prospective applications of 5), work in progress, etc. 410 0$aLecture Notes in Mathematics,$x0075-8434 ;$v3 606 $aTopology 615 0$aTopology. 676 $a514 686 $a55P42$2msc 700 $aAdams$b J. Frank$g(John Frank),$041912 702 $aVasquez$b A. T. 801 0$bMiAaPQ 801 1$bMiAaPQ 801 2$bMiAaPQ 906 $aBOOK 912 $a996466596803316 996 $aStable homotopy theory$980415 997 $aUNISA